Study and design of hydrogen fuel cell (Record no. 323174)
[ view plain ]
| 000 -LEADER | |
|---|---|
| fixed length control field | 00351 a2200133 4500 |
| 001 - CONTROL NUMBER | |
| control field | 88101 |
| 082 ## - DEWEY DECIMAL CLASSIFICATION NUMBER | |
| Classification number | PR 340 |
| 090 ## - LOCALLY ASSIGNED LC-TYPE CALL NUMBER (OCLC); LOCAL CALL NUMBER (RLIN) | |
| -- | 41512 |
| -- | 41512 |
| 100 ## - MAIN ENTRY--PERSONAL NAME | |
| Personal name | Khurram Rashid, 005919 |
| 245 ## - TITLE STATEMENT | |
| Title | Study and design of hydrogen fuel cell |
| 260 ## - PUBLICATION, DISTRIBUTION, ETC. | |
| Place of publication, distribution, etc. | Risalpur |
| Name of publisher, distributor, etc. | NUST Risalpur |
| Date of publication, distribution, etc. | 2004 |
| 300 ## - PHYSICAL DESCRIPTION | |
| Extent | ix, 79p. |
| Accompanying material | Abdul Naeem Khan, Dr |
| 500 ## - GENERAL NOTE | |
| General note | BE Project Reports |
| 942 ## - ADDED ENTRY ELEMENTS (KOHA) | |
| Institution code [OBSOLETE] | CAE NUST |
| Call number prefix | PR 340 |
| Withdrawn status | Lost status | Damaged status | Not for loan | Collection code | Permanent Location | Current Location | Date acquired | Total Checkouts | Full call number | Barcode | Date last seen | Price effective from | Koha item type |
|---|---|---|---|---|---|---|---|---|---|---|---|---|---|
| College of Aeronautical Engineering (CAE) | College of Aeronautical Engineering (CAE) | 04/03/2017 | PR 340 | CAEPR-340 | 04/05/2017 | 04/05/2017 | Book |
